00321nam a2200133Ia 450000500170000000800410001705000240005824500410008226000220012330000210014544000060016652100070017252600080017920140402153912.0140130s9999 xx 000 0 und d aPZ 7 b.L345G2 2003 cLasky, KathrynaJourney, the (lasky) bScholastic,c2003 a241 p. :c21 cm. v1 aG5 c750